00230nam a2200073Ia 4500008004100000050002100041100001900062245007500081230915s9999 xx 000 0 und d aTR 146 .L66 1996 aLONDON BARBARA 0aPHOTOGRAPHY, AN INTRODUCTION TO BLACK-AND-WHITE PHOTOGRAPHIC TECHNIQUE